LEADER 01039nam0-22003731i-450- 001 990001359780403321 010 $a0-521-40153-4 035 $a000135978 035 $aFED01000135978 035 $a(Aleph)000135978FED01 035 $a000135978 100 $a20000920d1991----km-y0itay50------ba 101 0 $aeng 200 1 $aInfinite electrical networks$fArmen H. Zemanian 210 $aCambridge$cCambridge University Press$dc1991 215 $axi, 308 p.$cill.$d24 cm 225 1 $aCambridge tracts in mathematics$v101 610 0 $aTeoria analitica dei circuiti 610 0 $aTeoria dei grafi$aApplicazioni ai circuiti e reti 676 $a621.3192 700 1$aZemanian,$bArmen H.$013591 801 0$aIT$bUNINA$gRICA$2UNIMARC 901 $aBK 912 $a990001359780403321 952 $aC-34-(101$b12511$fMA1 959 $aMA1 962 $a94C05 962 $a94C15 962 $a05CXX 962 $a46NXX 962 $a47N70 996 $aInfinite electrical networks$9375297 997 $aUNINA DB $aING01 LEADER 01512nam--2200445---450- 001 990002869530203316 005 20070219163855.0 010 $a1-84171-992-7 035 $a000286953 035 $aUSA01000286953 035 $a(ALEPH)000286953USA01 035 $a000286953 100 $a20070215d2006----km-y0itay50------ba 101 $afre 102 $aGB 105 $a||||||||001yy 200 1 $aFont-Rase à Barbezieux et Font-Belle à Segonzac (Charente)$edeux sites du Néolithique récent saintongeais, Matignons/Peu-Richard$fpar Claude Burnez$gavec L. Bartosiewicz [et.al.] 210 $aOxford$cArchaeopress$d2006 215 $aXVI, 490 p.$cill.$d30 cm 225 2 $aBAR International series$v1562 410 0$12001$aBAR International series$v1562 454 1$12001 461 1$1001-------$12001 606 $aPeriodo Neolitico$yBarbezieux 606 $aPeriodo Neolitico$ySegonzac 676 $a936.402 700 1$aBURNEZ,$bClaude$0595897 702 1$aBARTOSIEWICZ,$bL. 801 0$aIT$bsalbc$gISBD 912 $a990002869530203316 951 $aXI.5. Coll. 12/ 199$b195913 L.M.$cXI.5.$d00121287 959 $aBK 969 $aUMA 979 $aVITALE$b90$c20070215$lUSA01$h1547 979 $aVITALE$b90$c20070215$lUSA01$h1548 979 $aVITALE$b90$c20070219$lUSA01$h1635 979 $aVITALE$b90$c20070219$lUSA01$h1635 979 $aVITALE$b90$c20070219$lUSA01$h1638 996 $aFont-Rase à Barbezieux et Font-Belle à Segonzac (Charente$9991089 997 $aUNISA